000 00859nam a2200265Ia 4500
003 OSt
005 20221005111306.0
006 a|||||r|||| 00| 0
007 ta
008 221004b |||||||| |||| 00| 0 hin d
020 _c95
024 _a11226
037 _b325, 20/03/2014, Vani Prakashan
_cTextual
040 _aCRL
_cCRL
_bhin
041 _2hin
_ahin
082 _aO152,6NNAx, M7;P1
100 _aनागार्जुन
245 0 _aबम भोलेनाथ
246 _aBam bholenātha
260 _aनई दिल्ली
_bवाणी प्रकाशन भारत
_c2001
300 _a126पृ0
_ccm.
650 _aहिन्दी साहित्य
942 _hO152,6NNAx, M7;P1
_cTEXL
_2cc
999 _c1021403
_d1021403